00515nam a2200145Ia 4500008004000000082001500040100002300055245006400078260004100142300001000183690002300193906001100216999001700227952012500244210210b1967 xxu||||| |||| 00| 0 eng d a158.1 LECH aLECRON (Leslie M). aHow to make the next ten years the best years of your life. aBombaybJaico Publishing Housec1967 aj-146 aApplied Psychology a028469 c79715d79715 001040708PsychologyaALbALcPsychologyd2021-02-17g3.00l0o158.1 LECHp028469r2021-02-17 00:00:00w2021-02-17yBK